Biblioteca y Centro de Documentación

I Cumbre Sindical Unión Europea, América Latina y Caribe, Madrid 16 y 17 de abril de 2002 (Registro nro. 15452)

Detalles MARC
000 -CABECERA
Longitud fija campo de control 01297nam a2200349 c 4500
001 - NÚMERO DE CONTROL
Número de control 15452
003 - IDENTIFICADOR DE NÚMERO DE CONTROL
Identificador del número de control ES-MaCES
005 - FECHA Y HORA DE LA ÚLTIMA TRANSACCIÓN
Fecha y hora de la última transacción 20200226040008.0
008 - CAMPO FIJO DE DESCRIPCIÓN FIJA--INFORMACIÓN GENERAL
Códigos de información de longitud fija   030811s2002 sp t 100 | spa d
035 ## - NÚMERO DE CONTROL DEL SISTEMA
Número de control del sistema CES20030011552m
040 ## - FUENTE DE CATALOGACIÓN
Centro catalogador de origen ES-MaCES
Lengua de catalogación spa
Centro transcriptor ES-MaCES
111 2# - ENCABEZAMIENTO PRINCIPAL--NOMBRE DE REUNIÓN
Nombre de congreso o jurisdicción como elemento de entrada Cumbre Sindical Unión Europea, América Latina y Caribe
Número del congreso o número de parte o sección de la obra
Fecha del congreso 2002
Sede del congreso Madrid
9 (RLIN) 829
245 10 - MENCIÓN DE TÍTULO
Título I Cumbre Sindical Unión Europea, América Latina y Caribe, Madrid 16 y 17 de abril de 2002
Mención de responsabilidad, etc. [organizaciones convocantes, CIOSL ... et al. ; organizaciones anfitrionas, CC.OO. ... et al.]
260 ## - PUBLICACIÓN, DISTRIBUCIÓN, ETC (PIE DE IMPRENTA)
Lugar de publicación, distribución, etc. Madrid
Nombre del editor, distribuidor, etc. [s.n.]
Fecha de publicación, distribución, etc. 2002
300 ## - DESCRIPCIÓN FÍSICA
Extensión 1 carpeta (doc. var.)
Dimensiones 32 cm
500 ## - NOTA GENERAL
Nota general Tít. tomado de la cub. de la carpeta
541 ## - NOTA DE LA FUENTE INMEDIANTE DE ADQUISICIÓN
Forma de adquisición Gratuito
650 #4 - ASIENTO SECUNDARIO DE MATERIA--TÉRMINO DE MATERIA
Término de materia o nombre geográfico como elemento inicial sindicalismo
9 (RLIN) 29453
650 #4 - ASIENTO SECUNDARIO DE MATERIA--TÉRMINO DE MATERIA
Término de materia o nombre geográfico como elemento inicial papel del sindicato
9 (RLIN) 30660
650 #4 - ASIENTO SECUNDARIO DE MATERIA--TÉRMINO DE MATERIA
Término de materia o nombre geográfico como elemento inicial globalización económica
9 (RLIN) 30653
650 #4 - ASIENTO SECUNDARIO DE MATERIA--TÉRMINO DE MATERIA
Término de materia o nombre geográfico como elemento inicial América Latina
9 (RLIN) 26882
650 #4 - ASIENTO SECUNDARIO DE MATERIA--TÉRMINO DE MATERIA
Término de materia o nombre geográfico como elemento inicial Caribe
9 (RLIN) 26861
650 #4 - ASIENTO SECUNDARIO DE MATERIA--TÉRMINO DE MATERIA
Término de materia o nombre geográfico como elemento inicial conferencia
9 (RLIN) 27013
653 10 - TÉRMINO DE INDEXACIÓN--NO CONTROLADO
Término no controlado Relaciones laborales-Empleo
650 #4 - ASIENTO SECUNDARIO DE MATERIA--TÉRMINO DE MATERIA
9 (RLIN) 28377
Término de materia o nombre geográfico como elemento inicial sindicato
650 #4 - ASIENTO SECUNDARIO DE MATERIA--TÉRMINO DE MATERIA
9 (RLIN) 26752
Término de materia o nombre geográfico como elemento inicial UE
710 2# - ENCABEZAMIENTO SECUNDARIO--NOMBRE CORPORATIVO
Nombre de entidad o nombre de jurisdicción como elemento inicial Confederación Internacional de Organizaciones Sindicales Libres
9 (RLIN) 2275
710 2# - ENCABEZAMIENTO SECUNDARIO--NOMBRE CORPORATIVO
Nombre de entidad o nombre de jurisdicción como elemento inicial Comisiones Obreras
9 (RLIN) 2105
902 ## - CES. TIPO DE DOCUMENTO
Tipodoc (006$c Sirtex) DOC Literatura gris
942 ## - ELEMENTOS KOHA
Fuente de clasificaión o esquema Clasificación propia del CES
Koha [por defecto] tipo de item Monografías
Parte de clasificación 2.0.
Existencias
Número de registro Signatura completa Tipo de item de Koha
053203 DOC-2.0.-190 Monografías
© CES, Consejo Económico y Social de España 2021